| 000 | 00000nam##2200000za#4500 |
| 001 | 9.640493 |
| 003 | CaOODSP |
| 005 | 20210624222710 |
| 007 | cr ||||||||||| |
| 008 | 150407|1997||||xxc|||||o f|0| 0 fre|d |
| 040 | |aCaOODSP|bfre |
| 043 | |an-cn--- |
| 086 | 1 |aCH4-1/21-1997F-PDF |
| 110 | 1 |aCanada.|bGroupe de travail sur la mise en oeuvre de la télévision numérique. |
| 245 | 13|aLa télévision canadienne à l'ère numérique : |h[ressource électronique]|brapport du Groupe de travail sur la mise en oeuvre de la télévision numérique |
| 260 | |aOttawa - Ontario : |bGroupe de travail sur la mise en oeuvre de la télévision numérique |cc1997. |
| 300 | |a54p. |
| 500 | |aLe n° de catalogue (CH4-1/21-1997) et l'ISBN (0-662-63135-8) de l'édition imprimée ont été incorrectement copiés dans l'édition électronique. |
| 590 | |a12-31-Supp|b2012-07-06 |
| 691 | 07|aTechnologie numérique|2gcpds |
| 691 | 07|aTélévision|2gcpds |
| 775 | 08|tCanadian television in the digital era : |w(CaOODSP)9.696377 |
| 776 | 0#|tCanadian television in the digital era : |w(CaOODSP)9.659543 |
| 776 | 0#|tLa télévision canadienne à l'ère numérique : |w(CaOODSP)9.659544 |
| 856 | 40|ahttp://publications.gc.ca|qPDF|s468 Ko|uhttps://publications.gc.ca/collections/Collection/CH4-1-21-1997F.pdf |